000 00284nam a22001337a 4500
008 181012b xxu||||| |||| 00| 0 eng d
020 _a9781412941617
041 _aeng
080 _a658
100 _a54
101 _aLID
245 _aLeadership
_cNorthouse, P.G
942 _2udc
_cBK
999 _c49496
_d49496